| 000 | 00429nmm a2200157Ia 4500 | ||
|---|---|---|---|
| 008 | 251105s9999||||xx |||||||||||||||||und|| | ||
| 020 | _a9788499539768 | ||
| 041 | _aspa | ||
| 100 | _aMill, John Stuart | ||
| 245 | 0 | _aLa esclavitud femenina | |
| 264 |
_a[Madrid, España] : _bLinkgua, _c2019 |
||
| 300 | _a165 páginas | ||
| 650 | _aSpanish narrative | ||
| 856 | _uhttps://public.digitaliapublishing.com/a/16360 | ||
| 942 | _cCF | ||
| 999 |
_c93140 _d93140 |
||